Waste data digest 8 (Record no. 108936)

MARC details
000 -LEADER
fixed length control field 00977cab a22002175a 4500
001 - CONTROL NUMBER
control field E145828
008 - FIXED-LENGTH DATA ELEMENTS--GENERAL INFORMATION
fixed length control field 081111s2008 xxkd 000 0 eng u
035 ## - SYSTEM CONTROL NUMBER
System control number (Sirsi) u145828
041 0# - LANGUAGE CODE
Language code of text/sound track or separate title eng
050 04 - LIBRARY OF CONGRESS CALL NUMBER
Classification number 614.76 $2 18
110 2# - MAIN ENTRY--CORPORATE NAME
Corporate name or jurisdiction name as entry element Scottish Environment Protection Agency
9 (RLIN) 3523
245 00 - TITLE STATEMENT
Title Waste data digest 8
Remainder of title key facts and trends
Medium [electronic resource]
260 ## - PUBLICATION, DISTRIBUTION, ETC.
Place of publication, distribution, etc. [Stirling]
Name of publisher, distributor, etc. SEPA
Date of publication, distribution, etc. 2008
490 #0 - SERIES STATEMENT
Series statement SEPA Waste Data Digest
Volume/sequential designation 8
520 ## - SUMMARY, ETC.
Summary, etc. Details data collected by, or on behalf of, SEPA on controlled waste in Scotland. The data are presented in two parts: a key facts and trends section and data tables. Data includes waste arisings, recovery, disposal and waste related operational activities.
590 ## - LOCAL NOTE (RLIN)
Local note KA
651 #4 - SUBJECT ADDED ENTRY--GEOGRAPHIC NAME
Geographic name Scotland
Chronological subdivision 1999-
690 ## - LOCAL SUBJECT ADDED ENTRY--TOPICAL TERM (OCLC, RLIN)
Topical term or geographic name as entry element ENVIRONMENTAL AND LAND CONSULTANCY-WASTE MANAGEMENT
856 41 - ELECTRONIC LOCATION AND ACCESS
Uniform Resource Identifier <a href="https://www.sepa.org.uk/waste/waste_data/waste_data_digest.aspx">https://www.sepa.org.uk/waste/waste_data/waste_data_digest.aspx</a>
Public note View the item free of charge at www.sepa.org.uk...
942 ## - ADDED ENTRY ELEMENTS (KOHA)
Suppress in OPAC 0
Holdings
Withdrawn status Lost status Source of classification or shelving scheme Damaged status Not for loan Home library Current library Shelving location Date acquired Total Checkouts Full call number Barcode Date last seen Copy number Price effective from Koha item type
    Dewey Decimal Classification     Virtual Virtual Online 21/11/2008   ONLINE PUBLICATION 145828-2001 06/08/2019 1 06/08/2019 Book